01713nam a2200265 u 4500001000800000005001700008008004100025020001800066035001200084040001300096041000800109082000800117100008000125245005200205250001100257260003700268300001800305490003400323520097400357650002101331650001801352650001701370650003101387700002901418129708420260508075206.0120911s2009 spa  a9788493637477 a1297084 ccomduadb aspa 4a70110aOnfray, Michel,d1959-4aut0(isni)0000 0001 2278 72950(viaf)41872141eaut13aLa escultura de sí : por una moral estética a1. ed. aMadrid :bErrata Naturae,c2009. a221 páginas0 aColección los Cinocéfalos3 aLA ESCULTURA DE SÍ es uno de los textos absolutamente referenciales de la obra de Michel Onfray, con el que ha obtenido el prestigioso Premio Medicis de Ensayo. En él aparecen casi todas las claves teóricas que el autor ha desarrollado en su proyecto filosófico general: una ética de la inmanencia sostenida por nociones como las de individualismo libertario, utilitarismo festivo o erótica solar. Onfray delimita en este libro un territorio ético decididamente ajeno a las virtudes de la renuncia y del sacrificio, o lo que es lo mismo: un contexto inasequible a la intratable melancolía que parece gobernar nuestro tiempo. Para ello reivindica las viejas virtudes representadas por la época del Renacimiento y la figura del Condotiero: una vitalidad desbordante y un talento singular para el heroísmo, condiciones necesarias para la constitución de individualidades fuertes, dotadas para la abundancia, la magnificencia, el placer y la amistad. 7aEstética2lemb 7aÉtica2lemb aArte y moral 7aFilosofía del arte2lemb10aAntón, Irene4trletrl